| 000 | 00854nam a22002537a 4500 | ||
|---|---|---|---|
| 003 | KOHA_MİRAKIL | ||
| 005 | 20260424100947.0 | ||
| 008 | 260421b tu ||||| |||| 00| 0 tur d | ||
| 020 | _a9789750538483 | ||
| 040 |
_aTR-AnABB _btur _cTR-AnABB |
||
| 041 | _atur | ||
| 082 |
_a352.007 095 621 _bGUL 2025 |
||
| 100 | 1 | _aGülpınar, Turgay | |
| 245 | 1 | 0 |
_aYerel hükümet : Gültepe : _bBir özerklik deneyimi (1973-1980) / _cTurgay Gülpınar |
| 246 | _aGültepe | ||
| 250 | _a1. baskı | ||
| 260 |
_aİstanbul : _bİletişim Yayınları , _c2025 |
||
| 300 |
_a432 sayfa ; _c20 cm |
||
| 505 | _aİçindekiler: Yerel Özerklik - Türkiye'de Yerel Özerklik - Gültepe Deneyimi | ||
| 650 | 0 | 4 | _aYerel yönetimler, Türkiye, Gültepe |
| 650 | 0 | 4 | _aYerel özerklik, Türkiye |
| 900 | _bCan ÇELIK | ||
| 942 |
_2ddc _cBK |
||
| 999 |
_c10329 _d10329 |
||